Oklahoma (Registro nro. 18727)

Detalles MARC
000 -CABECERA
Longitud fija campo de control 00618cam a22002174a 4500
001 - NÚMERO DE CONTROL
Número de control 13107682
003 - IDENTIFICADOR DELl NÚMERO DE CONTROL
Identificador del número de control OSt
005 - FECHA Y HORA DE LA ÚLTIMA TRANSACCIÓN
Fecha y hora de la última transacción 20150219090602.0
007 - CAMPO FIJO DE DESCRIPCIÓN FÍSICA
Campo fijo de descripción f&íacute;sica co||||
008 - CÓDIGOS DE INFORMACIÓN DE LONGITUD FIJA
Códigos de información de longitud fija 030228s0000 caub b s 0 eng
010 ## - NÚMERO DE CONTROL DE LA BIBLIOTECA DEL CONGRESO
Número de control de LC 2003623296
020 ## - NÚMERO INTERNACIONAL NORMALIZADO PARA LIBROS
Número Internacional Normalizado para Libros (ISBN) 0-02-149174-7
040 ## - FUENTE DE LA CATALOGACIÓN
Centro transcriptor BMC
082 ## - NÚMERO DE LA CLASIFICACIÓN DECIMAL DEWEY
Númeroo de clasificación 973.766
110 2# - PUNTO DE ACCESO PRINCIPAL-NOMBRE DE ENTIDAD CORPORATIVA
Nombre de entidad corporativa o nombre de jurisdicción como elemento inicial National Geographic Society
9 (RLIN) 16881
245 10 - MENCIÓN DE TÍTULO
Título Oklahoma
Resto del título :Aventures in time and place
260 ## - PUBLICACIÓN, DISTRIBUCIÓN, ETC. (PIE DE IMPRENTA)
Lugar de publicación, distribución, etc. [San Francisco]
Nombre del editor, distribuidor, etc. National Geographic Holdings, Inc.
Fecha de publicación, distribución, etc. [2002]
300 ## - DESCRIPCIÓN FÍSICA
Extensión 265 p.
Otras características físicas il. col
Dimensiones 28 cm
651 #4 - PUNTO DE ACCESO ADICIONAL DE MATERIA - NOMBRE GEOGRÁFICO
Nombre geográfico Oklahoma (Estados Unidos)
9 (RLIN) 31835
Subdivisión de materia general Descripción
942 ## - ENTRADA DE ELEMENTOS AGREGADOS (KOHA)
Fuente de clasificaión o esquema Dewey Decimal Classification
Koha [por defecto] tipo de item 1- Monografias
Parte de clasificación ahoj
Existencias
Suprimido Perdido Fuente de clasificación o esquema Estropeado Restricciones de uso No para préstamo Código de colección Localización permanente Localización actual Localización en estanter&íacute;as Fecha adquisición Fuente de adquisición Número de inventario Préstamos totales Signatura completa Código de barras Fecha última consulta Fecha del precio de reemplazo Tipo de item de Koha
NULL NULL Dewey Decimal Classification NULL Prestable NULL NULL Biblioteca Centro Regional de Ilobasco Biblioteca Centro Regional de Ilobasco Sala Principal 13/07/2013 UNICAES LI003237   973.766 NAT okl 1040558 26/01/2017 26/01/2017 1- Monografias
NULL NULL Dewey Decimal Classification NULL Prestable NULL NULL Biblioteca Miguel de Cervantes - UNICAES Biblioteca Miguel de Cervantes - UNICAES Sala Principal 21/02/2015 Donación - Embajada Americana 028412   973.766 NAT okl 1028822 21/02/2015 21/02/2015 1- Monografias